Statistics for Oceania Country Demonyms

Click here to take the quiz!

General Stats

  • This quiz has been taken 24 times
    (9 since last reset)
  • The average score is 11 of 14

Answer Stats

CountryDemonym% Correct
AustraliaAustralian
100%
FijiFijian
100%
MicronesiaMicronesian
100%
TongaTonga
100%
New ZealandNew Zealander
86%
Papua New GuineaPapua New Guinean
86%
SamoaSamoan
86%
NauruNauruan
71%
PalauPalauan
71%
Solomon IslandsSolomon Islander
71%
KiribatiI-Kiribati
57%
TuvaluTuvaluan
57%
VanuatuVanuatuan
57%
Marshall IslandsMarshellese
29%

Score Distribution

Percentile by Number Answered

Percent of People with Each Score

Your Score History

You have not taken this quiz since the last reset